Normal view
MARC view
- Sociology -- Dictionaries--English language -- Terms and phrases
Entry Topical Term
001 - CONTROL NUMBER
- control field: 1305
003 - CONTROL NUMBER IDENTIFIER
- control field: JO-AjAnu
005 - DATE AND TIME OF LATEST TRANSACTION
- control field: 20230606070522.0
008 - FIXED-LENGTH DATA ELEMENTS
- fixed length control field: 230606|| aca||aabn | a|a d
040 ## - CATALOGING SOURCE
- Original cataloging agency: JO-AjAnu
- Transcribing agency: JO-AjAnu
150 ## - HEADING--TOPICAL TERM
- Topical term or geographic name entry element: Sociology -- Dictionaries--English language -- Terms and phrases
670 ## - SOURCE DATA FOUND
- Source citation: Work cat.: (JO-AjAnu)686: SUBBERWAL،RANJANA, author 1304, Dictionary of sociology